书目信息 |
| 题名: |
中国数学史
|
|
| 作者: | 钱宝琮 主编 | |
| 分册: | ||
| 出版信息: | 北京 科学出版社 1964.11 |
|
| 页数: | 354页 | |
| 开本: | 21cm | |
| 丛书名: | ||
| 单 册: | ||
| 中图分类: | O11 | |
| 科图分类: | ||
| 主题词: | 古典数学 | |
| 电子资源: | ||
| ISBN: | ||
| 000 | 00513nam0 2200193 45 | |
| 001 | 0409141090 | |
| 005 | 20051123102859.10 | |
| 010 | @b精装@dCNY2.20 | |
| 091 | @a13031.1496 | |
| 100 | @a20040914d1964 km y0chiy0120 ea | |
| 101 | 0 | @achi |
| 200 | 1 | @a中国数学史@AZhong Guo Shu Xue Shi@f钱宝琮主编@FQian Bao Cong Zhu Bian |
| 210 | @a北京@c科学出版社@d1964.11 | |
| 215 | @a354页@d21cm | |
| 606 | 0 | @a古典数学 |
| 690 | @aO11@v3 | |
| 701 | 0 | @a钱宝琮@4主编 |
| 801 | @aCN@bPftUser@c20051123 | |
| 905 | @dO11@e1@f1@b38093 | |
| 中国数学史/钱宝琮主编.-北京:科学出版社,1964.11 |
| 354页;21cm |
| ISBN (精装):CNY2.20 |
| ● |
| 相关链接 |
|
|
|
|
正题名:中国数学史
索取号:O11/1
 
预约/预借
| 序号 | 登录号 | 条形码 | 馆藏地/架位号 | 状态 | 备注 |
| 1 | 0016328 | 202149923 | 密集书库/ [索取号:O11/1] | 在馆 | |
| 2 | 0038090 | 001702312 | 第二样本阅览室/ [索取号:O11/1] | 在馆 | |
| 3 | 0038091 | 202149996 | 密集书库/ [索取号:O11/1] | 在馆 | |
| 4 | 0038092 | 202150171 | 密集书库/ [索取号:O11/1] | 在馆 | |
| 5 | 0038093 | 001960890 | 第三借阅区/ [索取号:O11/1] | 在馆 | |
| 6 | 0038094 | 202150180 | 密集书库/ [索取号:O11/1] | 在馆 |